Sports Quiz

Random Sports or NFL Quiz

2010 NFL Rushing Leaders by Team Quiz Stats

 Plays Quiz not verified by Sporcle

Support Sporcle.
Go Orange.
Score 0/160 Timer 15:00
0 Plays Today
Team Player % Correct
Buffalo BillsFred Jackson
93.7%
Green Bay PackersBrandon Jackson
93.7%
Minnesota VikingsTarvaris Jackson
93.7%
Philadelphia EaglesDeSean Jackson
93.7%
St. Louis RamsSteven Jackson
93.7%
Atlanta FalconsMichael Turner
92.6%
Dallas CowboysFelix Jones
92%
Kansas City ChiefsThomas Jones
92%
New Orleans SaintsJulius Jones
92%
Tennessee TitansChris Johnson
92%
Atlanta FalconsGartrell Johnson
91.4%
Baltimore RavensRay Rice
91.4%
Carolina PanthersDeAngelo Williams
91.4%
Houston TexansAndre Johnson
91.4%
Miami DolphinsRicky Williams
91.4%
Tampa Bay BuccaneersCadillac Williams
91.4%
Tampa Bay BuccaneersJosh Johnson
91.4%
Tennessee TitansDamian Williams
91.4%
Washington RedskinsKeiland Williams
91.4%
Detroit LionsKevin Smith
90.9%
Minnesota VikingsAdrian Peterson
90.9%
New York JetsBrad Smith
90.9%
San Francisco 49ersTroy Smith
90.9%
San Francisco 49ersAlex Smith
90.9%
Chicago BearsMatt Forte
89.7%
Arizona CardinalsTim Hightower
89.1%
Cleveland BrownsPeyton Hillis
89.1%
Carolina PanthersJonathan Stewart
88.6%
Jacksonville JaguarsMaurice Jones-Drew
88.6%
Arizona CardinalsBeanie Wells
88%
Cincinnati BengalsCedric Benson
88%
Cleveland BrownsColt McCoy
88%
Detroit LionsShaun Hill
88%
Green Bay PackersAaron Rodgers
88%
Philadelphia EaglesLeSean McCoy
88%
Houston TexansArian Foster
87.4%
Indianapolis ColtsDonald Brown
87.4%
Miami DolphinsRonnie Brown
87.4%
New York JetsLaDainian Tomlinson
87.4%
Baltimore RavensWillis McGahee
86.9%
Kansas City ChiefsJamaal Charles
86.9%
Atlanta FalconsMatt Ryan
86.3%
Cincinnati BengalsCarson Palmer
86.3%
Denver BroncosKnowshon Moreno
86.3%
New Orleans SaintsReggie Bush
86.3%
New York GiantsEli Manning
86.3%
New York JetsShonn Greene
86.3%
Oakland RaidersMichael Bush
86.3%
Buffalo BillsMarshawn Lynch
85.7%
Dallas CowboysMarian Barber
85.7%
New York GiantsBrandon Jacobs
85.7%
Pittsburgh SteelersRashard Mendenhall
85.7%
San Francisco 49ersFrank Gore
85.7%
Seattle SeahawksMarshawn Lynch
85.7%
Team Player % Correct
Baltimore RavensJoe Flacco
85.1%
Indianapolis ColtsJoseph Addai
85.1%
New York GiantsAhmad Bradshaw
85.1%
New England PatriotsBenJarvus Green-Ellis
84.6%
Buffalo BillsRyan Fitzpatrick
84%
New Orleans SaintsPierre Thomas
84%
Oakland RaidersDarren McFadden
84%
Chicago BearsChester Taylor
83.4%
Chicago BearsJay Cutler
83.4%
Jacksonville JaguarsMike Thomas
83.4%
New England PatriotsFred Taylor
83.4%
Philadelphia EaglesMichael Vick
82.9%
Kansas City ChiefsMatt Cassel
81.1%
Washington RedskinsClinton Portis
80%
St. Louis RamsSam Bradford
78.9%
Jacksonville JaguarsDavid Garrard
78.3%
Houston TexansMatt Schaub
77.7%
Pittsburgh SteelersBen Roethlisberger
77.7%
Pittsburgh SteelersMewelde Moore
77.7%
San Diego ChargersRyan Mathews
77.7%
Detroit LionsJahvid Best
77.1%
Miami DolphinsChad Henne
76.6%
Tampa Bay BuccaneersLeGarrette Blount
76.6%
Buffalo BillsC.J. Spiller
76%
New Orleans SaintsChris Ivory
74.9%
San Diego ChargersPhilip Rivers
74.9%
Tennessee TitansVince young
74.9%
New York JetsMark Sanchez
74.3%
Dallas CowboysJon Kitna
73.1%
Denver BroncosKyle Orton
73.1%
Green Bay PackersJames Starks
73.1%
San Diego ChargersMike Tolbert
72.6%
San Francisco 49ersBrian Westbrook
72.6%
Baltimore RavensLe'Ron McClain
70.9%
Tampa Bay BuccaneersJosh Freeman
70.9%
Houston TexansDerrick Ward
70.3%
Oakland RaidersJason Campbell
70.3%
Seattle SeahawksMatt Hasselbeck
69.7%
Dallas CowboysTashard Choice
68.6%
Denver BroncosTim Tebow
68.6%
Washington RedskinsDonovan McNabb
68.6%
Washington RedskinsRyan Torain
68%
Green Bay PackersJohn Kuhn
67.4%
New England PatriotsDanny Woodhead
67.4%
Detroit LionsMaurice Morris
66.3%
New England PatriotsSammy Morris
66.3%
Jacksonville JaguarsRashad Jennings
65.7%
San Diego ChargersDarren Sproles
65.7%
Minnesota VikingsToby Gerhart
63.4%
Tennessee TitansKerry Collins
63.4%
Cleveland BrownsJerome Harrison
62.3%
Philadelphia EaglesJerome Harrison
62.3%
Chicago BearsDevin Hester
61.7%
San Diego ChargersJacob Hester
61.7%
Team Player % Correct
Seattle SeahawksJustin Forsett
61.7%
Atlanta FalconsJason Snelling
59.4%
Houston TexansSteve Slaton
57.7%
Pittsburgh SteelersMike Wallace
57.7%
Arizona CardinalsJohn Skelton
56%
Minnesota VikingsJoe Webb
54.3%
Carolina PanthersMike Goodson
52.6%
Indianapolis ColtsJavarris James
51.4%
Buffalo BillsTrent Edwards
50.9%
Denver BroncosCorrell Buckhalter
50.9%
Dallas CowboysMiles Austin
48.6%
Indianapolis ColtsDominic Rhodes
48%
Cleveland BrownsMike Bell
46.9%
Indianapolis ColtsMike Hart
46.9%
Pittsburgh SteelersIsaac Redman
45.7%
San Francisco 49ersAnthony Dixon
44.6%
Cincinnati BengalsBernard Scott
44%
New York GiantsMario Manningham
44%
Minnesota VikingsPercy Harvin
41.7%
Arizona CardinalsSteve Breaston
41.1%
Tennessee TitansJavon Ringer
38.3%
Seattle SeahawksLeon Washington
35.4%
Oakland RaidersJacoby Ford
34.9%
Tampa Bay BuccaneersEarnest Graham
34.9%
Detroit LionsDrew Stanton
33.7%
New Orleans SaintsLadell Betts
32%
New England PatriotsBrandon Tate
32%
St. Louis RamsDanny Amendola
31.4%
Washington RedskinsJames Davis
30.9%
Arizona CardinalsLaRod Stephens-Howling
29.7%
Kansas City ChiefsDexter McCluster
29.7%
New York JetsJoe McKnight
29.1%
Miami DolphinsTyler Thigpen
26.9%
Chicago BearsEarl Bennett
26.3%
Cincinnati BengalsBrian Leonard
19.4%
New York GiantsDanny Ware
18.3%
Atlanta FalconsOvie Mughelli
17.7%
Baltimore RavensDonte' Stallworth
17.7%
Seattle SeahawksMichael Robinson
17.1%
St. Louis RamsKenneth Darby
16.6%
Oakland RaidersMarcel Reece
12.6%
Carolina PanthersBrandon LaFell
12%
Miami DolphinsLousaka Polite
10.9%
Kansas City ChiefsJackie Battle
10.3%
Denver BroncosLance Ball
9.1%
Jacksonville JaguarsDeji Karim
9.1%
Cincinnati BengalsJerome Simpson
8%
Green Bay PackersDimitri Nance
8%
Philadelphia EaglesEldra Buckley
5.1%
Carolina PanthersTyrell Sutton
4.6%
Cleveland BrownsReggie Hodges
4%
St. Louis RamsKeith Toston
2.9%

You're not logged in!

Compare scores with friends on all Sporcle quizzes.
OR
Log In

From the Vault

The Great 1990s Quiz

by Booger

If you don't remember the 1990s, it may very well be past your bedtime.
Remove Ads.
Support Sporcle.
Get the best of Sporcle when you Go Orange. This ad-free experience offers more features, more stats, and more fun while also helping to support Sporcle. Thank you for becoming a member.

Show Comments

Extras

Created Feb 8, 2011ReportNominate
Tags:NFL Quiz, 2010, Player, Rushing, team, Yard

Top Quizzes Today


Score Distribution

Your Account Isn't Verified!

In order to create a playlist on Sporcle, you need to verify the email address you used during registration. Go to your Sporcle Settings to finish the process.

Report this User

Report this user for behavior that violates our Community Guidelines.

Details: